Úloha teórie a hospodárskej praxe v odvetví vnútorného obchodu v 8. päťročnici zborník prác z konferencie s medzinárodnou účasťou

Salvato in:
Dettagli Bibliografici
Natura: Libro
Lingua:slovacco
Pubblicazione: Bratislava VŠE 1987
Tags: Aggiungi Tag
Nessun Tag, puoi essere il primo ad aggiungerne!!

MARC

LEADER 00000nam a2200000 4500
001 c111570
005 20260108072933.1
041 0 |a slo 
044 |a SK 
245 1 0 |a Úloha teórie a hospodárskej praxe v odvetví vnútorného obchodu v 8. päťročnici  |b zborník prác z konferencie s medzinárodnou účasťou 
264 1 |a Bratislava  |b VŠE  |c 1987 
300 |a 291 s.